1907 NL Standings - Statistics

General Stats
  • This quiz has been taken 5 times
  • The average score is 6 of 8
Answer Stats
W L PCT Team % Correct
107 45 .704 Chicago Cubs
100%
66 87 .431 Cincinnati Reds
100%
91 63 .591 *Pittsburg Pirates
100%
52 101 .340 St. Louis Cardinals
100%
82 71 .536 New York Giants
75%
83 64 .565 Philadelphia Phillies
75%
65 83 .439 Brooklyn Superbas
50%
58 90 .392 Boston Doves
25%
No matching quizzes found
Score Distribution
Percent of People with Each Score
Percentile by Number Answered
Your Score History
You have not taken this quiz